El adolescente aprendiz (Record no. 979)

MARC details
000 -CABECERA
campo de control de longitud fija 01055nam a2200301 a 4500
003 - IDENTIFICADOR DEL NÚMERO DE CONTROL
campo de control MX-MxUPN
005 - FECHA Y HORA DE LA ÚLTIMA TRANSACCIÓN
campo de control 20241018063721.0
008 - ELEMENTOS DE LONGITUD FIJA--INFORMACIÓN GENERAL
campo de control de longitud fija 991125s1968 sp fr 000 0 spa d
035 ## - NÚMERO DE CONTROL DEL SISTEMA
Número de control de sistema UPN01000000979
040 ## - FUENTE DE LA CATALOGACIÓN
Centro catalogador/agencia de origen MX-MxUPN
Lengua de catalogación spa
Centro/agencia transcriptor MX-MxUPN
041 ## - CÓDIGO DE IDIOMA
Código de lengua del texto/banda sonora o título independiente spa
Código de lengua original fre
050 #4 - SIGNATURA TOPOGRÁFICA DE LA BIBLIOTECA DEL CONGRESO
Número de clasificación LB1105
Número de documento/Ítem P3.2a no.30
100 1# - ASIENTO PRINCIPAL--NOMBRE PERSONAL
Nombre de persona Rousselet, Jean
9 (RLIN) 54183
240 12 - TÍTULO UNIFORME
Título uniforme L'adolescent en aprentissage.
Lenguaje de la obra Español
245 13 - MENCIÓN DE TÍTULO
Título El adolescente aprendiz
250 ## - MENCIÓN DE EDICIÓN
Mención de edición Cuarta edición
260 ## - PUBLICACIÓN, DISTRIBUCIÓN, ETC.
Lugar de publicación, distribución, etc. Barcelona :
Nombre del editor, distribuidor, etc. Editorial Luis Miracle,
Fecha de publicación, distribución, etc. 1968.
300 ## - DESCRIPCIÓN FÍSICA
Extensión 170 páginas
490 0# - MENCIÓN DE SERIE
Mención de serie Paideia. Biblioteca práctica de pedagogía, psicología y psicopatología de la infancia ;
Designación de volumen o secuencia 30
650 #4 - ASIENTO SECUNDARIO DE MATERIA - TERMINO TEMATICO
Término de materia o nombre geográfico como elemento de entrada Aprendices
9 (RLIN) 7598
650 #4 - ASIENTO SECUNDARIO DE MATERIA - TERMINO TEMATICO
Término de materia o nombre geográfico como elemento de entrada Orientación vocacional
9 (RLIN) 5
650 #4 - ASIENTO SECUNDARIO DE MATERIA - TERMINO TEMATICO
Término de materia o nombre geográfico como elemento de entrada Psicología del aprendizaje
9 (RLIN) 5221
700 1# - ASIENTO SECUNDARIO--NOMBRE DE PERSONAL
9 (RLIN) 32329
Nombre de persona Saínz-Amor, Concepción,
Fechas asociadas al nombre 1897-1994
Término indicativo de función/relación traducción
710 2# - ASIENTO SECUNDARIO - NOMBRE CORPORATIVO
9 (RLIN) 51353
Nombre de entidad corporativa o nombre de jurisdicción como elemento de entrada Centro Nacional de Documentación e Información Educativa (México)
Término indicativo de función/relación propietario anterior
902 ## - ELEMENTOS DE DATOS B LOCAL, LDB (RLIN)
Modificó MaríaRobles/171024
905 ## - TIPO DE MATERIAL
Tipo de material Libro
942 ## - ELEMENTOS DE PUNTO DE ACCESO ADICIONAL (KOHA)
Fuente del sistema de clasificación o colocación Library of Congress Classification
Tipo de ítem Koha Libro
Suprimir en OPAC No
Holdings
Estado de retiro Estado de pérdida Fuente del sistema de clasificación o colocación Estado dañado No para préstamo Código de colección Localización permanente Ubicación/localización actual Ubicación en estantería Fecha de adquisición Total de préstamos Clasificación Código de barras Fecha visto por última vez Fecha del último préstamo Tipo de ítem Koha Nota pública
    Library of Congress Classification   Disponible (Previa cita) Fondo Reservado de libros Bib. Gregorio Torres Quintero Bib. Gregorio Torres Quintero Sala de Fondos Reservados Planta alta 17/10/2024 10 LB1105 P3.2a no.30 18381 29/04/2021 27/04/2021 Libro Ejemplar con sello del Centro de Documentación e Información Educativa